000 00683nam a2200181Ia 4500
008 090124s9999 xx 000 0 und d
082 _b5207
100 _aडोळके गणेश महादेव
245 _a डॉ. दप्तरी यांची धर्ममीमांसा
250 _a0
260 _c1969
300 _a232
600 _aडोळके गणेश महादेव
630 _a डॉ. दप्तरी यांची धर्ममीमांसा
700 _aडोळके गणेश महादेव
730 _a डॉ. दप्तरी यांची धर्ममीमांसा
942 _cBOOK
999 _c84224
_d84224